000 00405nam a2200169Ia 4500
001 28364
003 IN-NITTTR
005 20251114233351.0
008 251113s9999||||xx |||||||||||||| ||eng||
040 _beng
040 _cIN-NITTTR
041 _aeng
082 _a511.8 R22
245 0 _aRecent advances in memetic algorithms /
_cHart, William E., ed
700 _aHart, William E.
942 _2ddc
_cBK
999 _c30992
_d30992